Statistics for Car makes by model.

Click here to take the quiz!

General Stats

  • This quiz has been taken 36 times
  • The average score is 7 of 15

Answer Stats

HintAnswer% Correct
FiestaFord
97%
DurangoDodge
75%
PintoFord
69%
TwingoRenault
56%
PhantomRolls-Royce
50%
RegalBuick
47%
IS300Lexus
47%
RS4Audi
44%
StratosLancia
41%
250 GTOFerrari
38%
ExigeLotus
38%
Flying SpurBentley
31%
SycloneGMC
31%
CCRKoenigsegg
31%
ApolloGumpert
22%

Score Distribution

Percentile by Number Answered

Percent of People with Each Score

Your Score History

You have not taken this quiz